00411nam a2200133Ia 4500008004100000082001600041100001500057245004400072260001800116600002000134942000700154952009900161999001700260241002s9999 xx 000 0 und d a332.041 KAR aKarl, Marx 0aCapital A Cnitique of Political Economy aMoscow:c1967 aSocial Sciences cUC 00104070aUITUbUITUd1994-01-01l0o332.041 KARpUC488r2024-10-02 09:31:22w2024-10-02yUC c18815d18815